Ч. 4; Ч. 5; Быт русского народа
| Parent link: | Быт русского народа: в 7 ч./ А. В. Терещенко. Ч. 4; Ч. 5.— , 1999 |
|---|---|
| Özet: | В середине XIX века вышла и почти сразу же стала библиографической редкостью книга известного ученого А. В. Терещенко «Быт русского народа» – первая попытка в России научной разработки этнографического материала. В свое время ею зачитывались и специалисты, и простолюдины. В настоящее издание вошли часть четвертая этого труда, посвященная играм (забавам, хороводам), и часть пятая, рассказывающая о простонародных обрядах, таких, как встреча Весны-красны, празднование Красной горки, Ивана Купалы, о том, как справляли обжинки, братчины, Радуницу, как отмечали бабье лето. Печатается по оригиналу 1847-1848 годов. |
| Dil: | Rusça |
| Baskı/Yayın Bilgisi: |
1999
|
| Konular: | |
| Materyal Türü: | MixedMaterials Kitap |
| KOHA link: | https://koha.lib.tpu.ru/cgi-bin/koha/opac-detail.pl?biblionumber=24612 |
MARC
| LEADER | 00000nam2a2200000 4500 | ||
|---|---|---|---|
| 001 | 24612 | ||
| 005 | 20231101205622.0 | ||
| 010 | |a 5268013831 | ||
| 010 | |a 5-268-01385-X | ||
| 035 | |a (RuTPU)RU\TPU\book\24841 | ||
| 035 | |a BOOK00000016 | ||
| 090 | |a 24612 | ||
| 100 | |a 20011209d1999 km y0rusy50 ca | ||
| 101 | 0 | |a rus | |
| 102 | |a RU | ||
| 105 | |a y z 000zy | ||
| 200 | 0 | |a Ч. 4; Ч. 5 | |
| 210 | |d 1999 | ||
| 215 | |a 336 с. | ||
| 330 | |a В середине XIX века вышла и почти сразу же стала библиографической редкостью книга известного ученого А. В. Терещенко «Быт русского народа» – первая попытка в России научной разработки этнографического материала. В свое время ею зачитывались и специалисты, и простолюдины. В настоящее издание вошли часть четвертая этого труда, посвященная играм (забавам, хороводам), и часть пятая, рассказывающая о простонародных обрядах, таких, как встреча Весны-красны, празднование Красной горки, Ивана Купалы, о том, как справляли обжинки, братчины, Радуницу, как отмечали бабье лето. Печатается по оригиналу 1847-1848 годов. | ||
| 461 | 1 | |0 (RuTPU)RU\TPU\book\24840 |t Быт русского народа |o в 7 ч. |f А. В. Терещенко |v Ч. 4; Ч. 5 |d 1999 |s Народная мудрость | |
| 606 | 1 | |a Обряды и обычаи русские |2 stltpush |3 (RuTPU)RU\TPU\subj\69748 |9 84453 | |
| 610 | 1 | |a Россия | |
| 610 | 1 | |a история | |
| 610 | 1 | |a этнография | |
| 610 | 1 | |a быт | |
| 610 | 1 | |a обычаи | |
| 610 | 1 | |a обряды | |
| 610 | 1 | |a традиции | |
| 610 | 1 | |a русский народ | |
| 610 | 1 | |a игры | |
| 610 | 1 | |a хороводы | |
| 610 | 1 | |a забавы | |
| 686 | |a Т52(2=411.2)-73 |v LBC/SL-A |2 rubbk | ||
| 801 | 0 | |a RU |b 63413507 |c 20011209 |g PSBO | |
| 801 | 2 | |a RU |b 63413507 |c 20130508 |g PSBO | |
| 942 | |c BK | ||